000 00853nam1a22002291i 4500
001 v19\rc\1972983
005 20240724000740.0
035 _a(NLR Aleph) 005057235
090 _a6957828
_c6957828
100 _a20080623d1914 |||y0rusy50 ca
101 0 _arus
102 _aRU
105 _ay z |||||
200 1 _aГражданский процесс
_eПракт. комментарий на вторую кн. Устава гражд. судопроизводства
_fСост. В.Л. Исаченко, сенатор
205 _a4-е изд.
210 _aСанкт-Петербург
_cтип. М. Меркушева
_d1914
215 _d23
700 1 _aИсаченко
_bВ.Л.
_f1839-1915
_gВасилий Лаврентьевич
_4220
801 0 _aRU
_bNLR
_gpsbo
801 1 _aRU
_bProSoft-M
_2rusmarc
852 _aNLR
_j37.44.3.76
942 _cBOOK